| 000 | 01257cam a22003251 4500 | ||
|---|---|---|---|
| 001 | 12157 | ||
| 003 | BD-RjUL | ||
| 005 | 20211208235238.0 | ||
| 008 | 140128s1963 nyuab 001 0 eng | ||
| 035 | _a(BD-RjUL)12206 | ||
| 035 | _a(OCoLC)1543366 | ||
| 040 |
_aDLC _cFMU _dOClW-H _dOCoLC _dDLC _dBD-RjUL _beng |
||
| 041 | _aeng | ||
| 060 | _aWD 400 K26v 1961 | ||
| 082 |
_a591.69 _bVEN 1963 |
||
| 245 | 0 | 0 |
_aVenomous and poisonous animals and noxious plants of the Pacific region; _ba collection of papers based on a symposium in the Public Health and Medical Science Division at the Tenth Pacific Science Congress / _cEdited by Hugh L. Keegan and W.V. Macfarlane. |
| 260 |
_aoxford : _bPergamon Press , _cc1963 . |
||
| 300 |
_axi, 456 p. : _billus., maps ; _c24 cm. |
||
| 500 | _a"A Pergamon Press book." | ||
| 504 | _aIncludes bibliographies and index. | ||
| 650 | 0 |
_aPoisonous animals. _937644 |
|
| 650 | 0 |
_aPoisonous plants. _937645 |
|
| 650 | 0 |
_aVenom. _934398 |
|
| 650 | 0 |
_aNatural history _zPacific Area. _937646 |
|
| 700 | 1 |
_aKeegan, Hugh L. , ed. _9219125 |
|
| 700 | 1 |
_aMacfarlane, Walter Victor, _d1913- _ejoint ed. _9219126 |
|
| 711 | 2 |
_aPacific Science Congress _n(10th : _d1961 : _cHonolulu) _937648 |
|
| 942 |
_2ddc _cBK |
||
| 999 |
_c12157 _d12157 |
||